Statistiques concernant Pays les plus répondus de A à Z

Cliquez ici pour prendre le quiz!

Statistiques générales

  • Ce quiz a été pris 437 fois
  • Le résultat moyen est 19 sur 27

Statistiques - réponses

lettre%pays% Correct
F98France
97%
A95Allemagne
92%
D78Danemark
86%
E95Espagne
86%
E95Etats-Unis
86%
C96Canada
85%
I96Italie
84%
J93Japon
82%
Q41Qatar
81%
R96Russie
80%
H61Hongrie
78%
Y50Yémen
78%
Z42Zimbabwe
78%
B94Brésil
76%
P93Portugal
73%
A95Australie
62%
K53Kazakhstan
62%
S89Suisse
62%
S89Suède
59%
O41Oman
55%
U75Ukraine
54%
T83Turquie
53%
G85Grèce
52%
M94Mexique
52%
N87Norvège
51%
L69Lituanie
46%
V68Viêt Nam
39%

Distribution des résultats

Percentile par nombre de réponses

% des personnes avec chaque résultat

Votre développement - résultats

Vous n’avez pas pris ce quiz